000 nam a22 7a 4500
999 _c8551
_d8551
008 180117b ||||| |||| 00| 0 eng d
100 _aJerath.S.
_91800
245 _aHands on grammar
260 _aNew Delhi
_bRachna
_c2009